Statistics for Libya Country Quiz

Click here to take the quiz!

General Stats

  • This quiz has been taken 10,042 times
    (9,966 since last reset)
  • The average score is 15 of 20

Answer Stats

HintAnswer% Correct
Bordering countryAlgeria
97%
Bordering countryEgypt
97%
Official langaugeArabic
97%
Bordering countryTunisia
96%
Capital of LibyaTripoli
95%
Bordering countryChad
94%
European country that briefly
colonized Libya
Italy
94%
Bordering countrySudan
94%
Bordering countryNiger
86%
Dictator of Libya from 1969–2011Muammar Gaddafi
86%
Series of protests which caused
the downfall of the above
Arab Spring
83%
Libya gets less of this than any other
country except its eastern neighbor
Rain
81%
Currency of LibyaLibyan Dinar
61%
Meaning of the capitals' name
in Greek
Three Cities
60%
The only thing that appeared on the
former flag of Libya, 1977–2011
Green
59%
Second most-populous cityBenghazi
50%
Flight that Libya bombed
over Lockerbie, Scotland in 1988
{Pan} {Am}
Flight 103
47%
Libya was part of this historical,
pirate-riddled region
{Barbary} Coast
45%
What is a sirocco?
(known in Libya as a ghibli)
a Wind
42%
"M" word that refers to the old part
of a town in North African countries
Medina
23%

Score Distribution

Percentile by Number Answered

Percent of People with Each Score

Your Score History

You have not taken this quiz since the last reset